000 01050nam1a22002531i 4500
001 rc\2825576
005 20240726063117.0
035 _a(NLR Aleph) 006983756
090 _a5558110
_c5558110
100 _a20110623d1931 |||y0rusy50 ca
101 0 _arus
102 _aRU
105 _ay z |||||
200 1 _aНа путях к победам
_eОпыт Златоуст. комсомола в борьбе за промфинплан. 1-
_fСборник очерков под ред. С. Колосницына и С. Махина
210 _aЗлатоуст
_cГорком ВЛКСМ
_d1931
_gтип. изд-ва "Прол. мысль"
215 _d20х15 см
300 _aНа обл. подзаголовок: "Очерки комсомольского опыта"
702 1 _aКолосницын
_bС.
_4340
702 1 _aМахин
_bС.
_4340
710 0 2 _aВЛКСМ
_bЗлатоустовский городской комитет
801 0 _aRU
_bNLR
_gpsbo
801 1 _aRU
_bELAR
_2rusmarc
852 _aNLR
_j31-17/29-1
942 _cBOOK